01405nab a22002657a 4500003000400000005001700004008004100021040000700062100003300069245017100102260007300273300001500346500002600361505030400387505008200691650001800773650002500791650002800816650002500844650002700869650002400896650002800920650004000948773015100988OSt20250211130953.0190429b xxu||||| |||| 00| 0 spa d cPJ aGuillardoy, Javier Nicolás10aInteligencia artificial y seguridad. Análisis de las reglamentaciones 428-2024 y 710-2024 del Ministerio de Seguridad de la Nación /cJavier Nicolás Guillardoy. cCiudad Autónoma de Buenos Aires :aThomson Reuters La Ley, b2025. ap. 141-161 aCita: AR/DOC/68/2025. aSumario: I. Introducción.— II. Ciber patrullaje. Nuevos límites.— III. La Unidad de Inteligencia Artificial aplicada a la Seguridad (UIAAS) y sus funciones.— IV. Posibles derechos afectados.— V. El valor de los datos y la privacidad.— VI. Conclusión final.— VII. Bibliografía.  tSi te interesa el texto completo, solicitalo a koha@justierradelfuego.gov.ar  0aDERECHO PENAL 0aDELITOS INFORMATICOS 0aINTELIGENCIA ARTIFICIAL 0aFUERZAS DE SEGURIDAD 0aDERECHO A LA INTIMIDAD 0aDERECHO A LA IMAGEN 0aPREVENCIÓN DEL DELITO 0aACCESO A LA INFORMACIÓN PÚBLICA0 02658tRevista de derecho penal y criminología. Nº 1 - Febrero 2025dCiudad Autónoma de Buenos Aires : Thomson Reuters La Ley, 2017-x00347914